Reaction kinetics for chemical engineers (Record no. 12493)

000 -LEADER
fixed length control field 00585nam a22002051 4500
001 - CONTROL NUMBER
control field 12493
003 - CONTROL NUMBER IDENTIFIER
control field BD-DhUET
008 - FIXED-LENGTH DATA ELEMENTS--GENERAL INFORMATION
fixed length control field 720413s1959 nyua b 000 0 eng
040 ## - CATALOGING SOURCE
Original cataloging agency DLC
Transcribing agency DLC
Modifying agency BD-DhUET
082 ## - DEWEY DECIMAL CLASSIFICATION NUMBER
Classification number 660.2994
Item number WAL/1959
100 1# - MAIN ENTRY--PERSONAL NAME
Personal name Walas, Stanley M.
245 10 - TITLE STATEMENT
Title Reaction kinetics for chemical engineers
250 ## - EDITION STATEMENT
Edition statement 1st ed.
260 ## - PUBLICATION, DISTRIBUTION, ETC. (IMPRINT)
Place of publication, distribution, etc. New York
Name of publisher, distributor, etc. McGraw-Hill
Date of publication, distribution, etc. 1959
300 ## - PHYSICAL DESCRIPTION
Extent 338 p.
Other physical details ill.
490 ## - SERIES STATEMENT
Series statement McGraw - Hill chemical engineering series
504 ## - BIBLIOGRAPHY, ETC. NOTE
Bibliography, etc Includes bibliographies
650 #0 - SUBJECT ADDED ENTRY--TOPICAL TERM
Topical term or geographic name as entry element Kinetics : Reactions : Chemical Engineering
942 ## - ADDED ENTRY ELEMENTS (KOHA)
Koha item type General Book
Holdings
Shelving location Withdrawn status Date acquired Source of classification or shelving scheme Koha item type Sublocation or collection (holding branch) Koha full call number Location (home branch) Koha normalized classification for sorting Koha date last seen Damaged status Price effective from Not for loan Copy number Lost status Piece designation (barcode)
Circulation section 2015-02-26 General BookCentral Library, BUET660.2994/WAL/1959Central Library, BUET660_299400000000000_WAL_19592015-02-26 2015-02-26 1 26073
Circulation section 2015-03-01 General BookCentral Library, BUET660.2994/WAL/1959Central Library, BUET660_299400000000000_WAL_19592015-03-01 2015-03-01 2 29882
Circulation section 2015-03-31 General BookCentral Library, BUET660.2994/WAL/1959Central Library, BUET660_299400000000000_WAL_19592015-03-31 2015-03-31 3 29878
Circulation section 2015-03-31 General BookCentral Library, BUET660.2994/WAL/1959Central Library, BUET660_299400000000000_WAL_19592015-03-31 2015-03-31 4 29875
Circulation section 2015-03-31 General BookCentral Library, BUET660.2994/WAL/1959Central Library, BUET660_299400000000000_WAL_19592015-03-31 2015-03-31 5 25893
Circulation section 2015-04-04 General BookCentral Library, BUET660.2994/WAL/1959Central Library, BUET660_299400000000000_WAL_19592015-04-04 2015-04-04 6 2114
Circulation section 2015-04-07 General BookCentral Library, BUET660.2994/WAL/1959Central Library, BUET660_299400000000000_WAL_19592015-04-07 2015-04-07 7 29874
Reading section 2015-06-18 Reading ItemCentral Library, BUET660.2994/WAL/1959Central Library, BUET660_299400000000000_WAL_19592015-06-18 2015-06-18 8 29881
Reading section 2015-06-18 Reading ItemCentral Library, BUET660.2994/WAL/1959Central Library, BUET660_299400000000000_WAL_19592015-06-18 2015-06-18 9 29879
Reading section 2015-06-18 Reading ItemCentral Library, BUET660.2994/WAL/1959Central Library, BUET660_299400000000000_WAL_19592015-06-18 2015-06-18 10 7899
Reading section 2015-06-18 Reading ItemCentral Library, BUET660.2994/WAL/1959Central Library, BUET660_299400000000000_WAL_19592015-06-18 2015-06-18 11 7900
Reading section 2015-06-28 Reading ItemCentral Library, BUET660.2994/WAL/1959Central Library, BUET660_299400000000000_WAL_19592015-06-28 2015-06-28 12 29880
Reading section 2015-06-28 Reading ItemCentral Library, BUET660.2994/WAL/1959Central Library, BUET660_299400000000000_WAL_19592015-06-28 2015-06-28 13 29876